| 000 | 00496nam a2200169Ia 4500 | ||
|---|---|---|---|
| 003 | SGT | ||
| 020 | _a9788131702321 | ||
| 082 |
_a5.117 _bBOO |
||
| 100 | _aBooch, Grady | ||
| 245 | _aObject-oriented analysis and design with applications | ||
| 250 | _a2nd Ed. | ||
| 260 |
_bPearson _aN.Delhi _c2008 |
||
| 300 | _a547p. | ||
| 650 | _aCOMPUTER SCIENCE | ||
| 653 | _aCOMPLEXITY, THE OBJECT MODAL, CLASSIFICATION, THE PROCESS, PRAGMATICS, OBJECT-ORIENTED PROGRAMMING LANGUAGE | ||
| 942 |
_2ddc _cBK _01 |
||
| 999 |
_c5348 _d5348 |
||